[Event "Montpellier op-A"]
[Site "?"]
[Date "2001.??.??"]
[Round "5.3"]
[White "Sarthou Gaetan"]
[Black "Kosten Anthony C"]
[Result "0-1"]
[WhiteElo "2357"]
[BlackElo "2542"]
[PlyCount "76"]
[EventDate "2001.??.??"]
[Source "www.chesslib.no"]
[SourceDate "2004.05.04"]

1. d4 d5 2. c4 e6 3. Nf3 c5 4. cxd5 exd5 5. Nc3 Nc6 6. g3 c4 7. Bg2 Bb4 8. O-O Nge7 9. Ne5 O-O 10. e4 dxe4 11. Nxc6 Nxc6 12. d5 Ne5 13. Bxe4 Bg4 14. f3 Bh3 15. Re1 f5 16. Bc2 Qb6+ 17. Be3 Bc5 18. Qe2 Bxe3+ 19. Qxe3 Nxf3+ 20. Kf2 Nxe1 21. Qxb6 axb6 22. Rxe1 Rae8 23. Rxe8 Rxe8 24. Ba4 Rf8 25. Bd7 Kf7 26. Na4 Ra8 27. Nxb6 c3 28. bxc3 Rxa2+ 29. Ke3 Rxh2 30. Be6+ Ke7 31. Nc8+ Kf6 32. Kd4 f4 33. Bxh3 Rxh3 34. gxf4 Rf3 35. Nd6 Rxf4+ 36. Kc5 Rf3 37. c4 h5 38. Nxb7 h4 0-1

[Event "Montpellier"]
[Site "Montpellier FRA"]
[Date "1988.??.??"]
[Round "7"]
[White "Bischoff, Klaus"]
[Black "Miralles, Gilles"]
[Result "1/2-1/2"]
[WhiteElo "2465"]
[BlackElo "2430"]
[PlyCount "136"]
[EventDate "1988.03.??"]
[Source "www.chesslib.no"]
[SourceDate "2004.05.04"]

1. d4 d5 2. c4 e6 3. Nf3 c5 4. cxd5 exd5 5. Nc3 Nc6 6. g3 c4 7. Bg2 Bb4 8. O-O Nge7 9. Ne1 Bf5 10. Nc2 Bxc2 11. Qxc2 Nxd4 12. Qa4+ Nec6 13. Nxd5 Qa5 14. Qd1 Rd8 15. e4 O-O 16. Bg5 f6 17. Be3 Bc5 18. b4 cxb3 19. axb3 Qb5 20. Re1 Qxb3 21. Qh5 Bb6 22. Rab1 Qa3 23. Rec1 Qd3 24. Nf4 Qa3 25. Nd5 Ne5 26. Qd1 Nec6 27. Rc3 Qa2 28. Bf1 Nf3+ 29. Kg2 Bxe3 30. Rxe3 Nfd4 31. Rxb7 f5 32. Nc3 Qa5 33. Bc4+ Kh8 34. Bd5 fxe4 35. Bxe4 Nf5 36. Rd3 Qxc3 37. Rxc3 Rxd1 38. Rxc6 Nd4 39. Rcc7 Ne6 40. Re7 Nc5 41. Rxa7 Nxe4 42. Rxe4 Rd2 43. Rf4 Kg8 44. Rxf8+ Kxf8 45. h4 h6 46. h5 Rb2 47. g4 Rc2 48. Kg3 Rb2 49. f3 Rb4 50. Ra5 Kf7 51. Re5 Ra4 52. Re4 Ra7 53. Kf4 Rb7 54. Kf5 Rc7 55. Re5 Rb7 56. Ra5 Rc7 57. f4 Rb7 58. Rc5 Re7 59. Re5 Rb7 60. Ra5 Re7 61. g5 hxg5 62. Kxg5 Rb7 63. Ra6 Rb5+ 64. Kg4 Rc5 65. h6 gxh6 66. Rxh6 Rb5 67. Ra6 Rc5 68. f5 Rc1 1/2-1/2

[Event "Carlos Torre op 11th"]
[Site "Merida"]
[Date "1998.12.20"]
[Round "7"]
[White "Frias, Victor J"]
[Black "Calderin, Roberto"]
[Result "1-0"]
[WhiteElo "2470"]
[BlackElo "2425"]
[PlyCount "69"]
[EventDate "1998.12.??"]
[Source "www.chesslib.no"]
[SourceDate "2004.05.04"]

1. d4 d5 2. c4 e6 3. Nf3 c5 4. cxd5 exd5 5. g3 c4 6. Bg2 Bb4+ 7. Nc3 Nc6 8. O-O Nge7 9. Ne1 O-O 10. Nc2 Ba5 11. Bg5 f6 12. Bd2 Bb6 13. e3 Bf5 14. b3 cxb3 15. axb3 Qd7 16. Na4 Bh3 17. Nxb6 axb6 18. Bxh3 Qxh3 19. Bb4 Rxa1 20. Qxa1 Nf5 21. Bxf8 Kxf8 22. Qd1 Na5 23. Qd3 Nd6 24. Qc3 Qc8 25. Qd2 h5 26. e4 Qe6 27. e5 fxe5 28. dxe5 Qxe5 29. Re1 Qf6 30. Nd4 Nc6 31. Ne6+ Kg8 32. Qxd5 Nf7 33. Nf4 Nce5 34. Nxh5 Qf5 35. f4 1-0

[Event "Oberwart Open"]
[Site "Oberwart AUT"]
[Date "1994.??.??"]
[Round "3"]
[White "Arbakov, Valentin"]
[Black "Lehner, Oliver"]
[Result "1-0"]
[WhiteElo "2575"]
[BlackElo "2315"]
[PlyCount "61"]
[EventDate "1994.07.??"]
[Source "www.chesslib.no"]
[SourceDate "2004.05.04"]

1. c4 e6 2. d4 d5 3. Nc3 c5 4. cxd5 exd5 5. Nf3 Nc6 6. g3 c4 7. Bg2 Bb4 8. O-O Nge7 9. Bd2 O-O 10. b3 cxb3 11. Qxb3 Ba5 12. e3 Bf5 13. Na4 b6 14. Rfc1 Qd6 15. Nc3 Be4 16. Be1 Bxc3 17. Bxc3 Qf6 18. Ne1 Bxg2 19. Nxg2 Rfd8 20. Rc2 Ng6 21. Rac1 Rac8 22. Qb5 Qf5 23. Ne1 h5 24. a4 Re8 25. Bd2 Nce7 26. Rc7 Kh7 27. Rxa7 Rxc1 28. Bxc1 Rc8 29. Bd2 Rc6 30. Qd3 Qg4 31. Rxe7 1-0

[Event "Deutschland 82/(363)"]
[Site "?"]
[Date "2000.??.??"]
[Round "?"]
[White "Lagunow, A."]
[Black "Tseitlin, Mi"]
[Result "1/2-1/2"]
[WhiteElo "2435"]
[BlackElo "2454"]
[PlyCount "32"]
[EventDate "2000.??.??"]
[Source "Chess Informant"]
[SourceDate "2001.06.01"]

1. d4 d5 2. c4 e6 3. Nf3 c5 4. cxd5 exd5 5. Nc3 Nc6 6. g3 c4 7. Bg2 Bb4 8. O-O Nge7 9. e4 dxe4 10. Nxe4 Bg4 11. a3 Ba5 12. Bf4 O-O 13. Nd6 Bc7 14. Nxb7 Qb8 15. d5 Bxf4 16. dxc6 Nxc6 1/2-1/2

[Event "Tampere Taraus op"]
[Site "?"]
[Date "2002.??.??"]
[Round "4"]
[White "Yevseev Denis"]
[Black "Rantanen Yrjo A"]
[Result "1-0"]
[WhiteElo "2540"]
[BlackElo "2340"]
[PlyCount "41"]
[EventDate "2002.??.??"]
[Source "www.chesslib.no"]
[SourceDate "2004.05.04"]

1. d4 d5 2. c4 e6 3. Nf3 c5 4. cxd5 exd5 5. Nc3 Nc6 6. g3 Nf6 7. Bg2 h6 8. O-O a6 9. Bf4 Be6 10. Rc1 Rc8 11. dxc5 Bxc5 12. Na4 Ba7 13. Nc5 Qe7 14. Nxe6 Qxe6 15. Qb3 Ne4 16. Ne5 Bxf2+ 17. Rxf2 Nxf2 18. Bxd5 Nh3+ 19. Kf1 Qf5 20. Bxf7+ Ke7 21. Qxb7+ 1-0

[Event "Open"]
[Site "?"]
[Date "2000.??.??"]
[Round "6"]
[White "Bets Anatolij"]
[Black "Kuzmin Gennadi P"]
[Result "0-1"]
[WhiteElo "2413"]
[BlackElo "2466"]
[PlyCount "66"]
[EventDate "2000.??.??"]
[Source "www.chesslib.no"]
[SourceDate "2004.05.04"]

1. d4 d5 2. Nf3 c5 3. c4 e6 4. cxd5 exd5 5. g3 Nc6 6. Bg2 c4 7. Nc3 Bb4 8. O-O Nge7 9. Ne5 O-O 10. Nxc6 bxc6 11. Bd2 Re8 12. Na4 Bd6 13. b3 cxb3 14. axb3 h5 15. Nc5 Nf5 16. e3 h4 17. Ra4 Qf6 18. g4 h3 19. Bxh3 Qh6 20. gxf5 Qxh3 21. f4 Bxf5 22. Qf3 Qh6 23. Be1 Bh3 24. Rf2 Bxc5 25. dxc5 Re6 26. Rfa2 Rae8 27. e4 dxe4 28. Qe3 Rd8 29. Rxa7 Rd3 30. Ra8+ Kh7 31. Qe2 Bg4 32. Qf2 Rg6 33. Rb8 Bf3+ 0-1

[Event "JUG Cup (Women)"]
[Site "Ulcinj"]
[Date "1998.??.??"]
[Round "5"]
[White "Maric, Alisa"]
[Black "Zhukova, Natalia"]
[Result "0-1"]
[WhiteElo "2480"]
[BlackElo "2395"]
[PlyCount "98"]
[EventDate "1998.??.??"]
[Source "www.chesslib.no"]
[SourceDate "2004.05.04"]

1. d4 d5 2. Nf3 e6 3. c4 c5 4. cxd5 exd5 5. g3 Nc6 6. Bg2 c4 7. O-O Bb4 8. Nc3 Nge7 9. e4 dxe4 10. Nxe4 O-O 11. Qc2 Bg4 12. Neg5 Bf5 13. Qxc4 h6 14. d5 Nxd5 15. Nh4 Nb6 16. Qb3 Bd7 17. Bxc6 Bxc6 18. Qxb4 hxg5 19. Nf5 Re8 20. Qd4 f6 21. Qxd8 Raxd8 22. Be3 Nc4 23. Rfd1 Be4 24. b3 Nxe3 25. Nxe3 Bf3 26. Rxd8 Rxd8 27. Rc1 g4 28. Kf1 Kf7 29. Rc7+ Ke6 30. Ke1 g5 31. Rc5 a6 32. Rc2 f5 33. Rd2 Rc8 34. Rc2 Re8 35. Kd2 f4 36. Nc4 Rh8 37. Kc3 Rxh2 38. Rd2 Rg2 39. b4 fxg3 40. fxg3 Rxg3 41. Kd4 Rg1 42. Ne5 Re1 43. Nd3 Re4+ 44. Kc3 Kf5 45. Rf2 Re2 46. Kd4 Rxf2 47. Nxf2 g3 48. Nh3 g4 49. Ng1 Kf4 0-1

[Event "Ljubljana"]
[Site "Ljubljana"]
[Date "1981.??.??"]
[Round "4"]
[White "Jelen, Iztok"]
[Black "Forintos, Gyozo V"]
[Result "1-0"]
[WhiteElo "2415"]
[BlackElo "2460"]
[PlyCount "87"]
[EventDate "1981.12.??"]
[Source "ChessBase"]

1. Nf3 d5 2. d4 e6 3. c4 c5 4. cxd5 exd5 5. g3 Nc6 6. Bg2 Nf6 7. Nc3 Bg4 8. Ne5 cxd4 9. Nxg4 dxc3 10. Nxf6+ Qxf6 11. bxc3 Qxc3+ 12. Bd2 Qd4 13. O-O Bc5 14. Rc1 Bb6 15. Bc3 Qg4 16. e3 Qg6 17. Bxd5 O-O 18. Qf3 Rad8 19. Bb2 Na5 20. Rfd1 Rfe8 21. Kg2 h6 22. h4 Re7 23. h5 Qg5 24. Be4 Nc6 25. Rxd8+ Nxd8 26. Rd1 Qb5 27. Ba1 Rd7 28. Bc6 Rxd1 29. Bxb5 Rxa1 30. Bc4 Rc1 31. Qe4 Kf8 32. Bb5 Ne6 33. Bd7 Ke7 34. Bxe6 fxe6 35. Qe5 Kf8 36. Qxe6 Rc7 37. Qf5+ Ke8 38. Qh7 Rf7 39. Qh8+ Ke7 40. Qc8 Kf6 41. e4 Rc7 42. Qe8 Re7 43. Qg6+ Ke5 44. f4+ 1-0

[Event "Salamanca"]
[Site "Salamanca"]
[Date "1991.??.??"]
[Round "8"]
[White "Gomez Esteban, Juan Mario"]
[Black "Rodriguez Vargas, Orestes"]
[Result "1/2-1/2"]
[WhiteElo "2400"]
[BlackElo "2470"]
[PlyCount "71"]
[EventDate "1991.04.??"]
[Source "ChessBase"]

1. c4 e6 2. Nc3 d5 3. d4 c5 4. cxd5 exd5 5. Nf3 Nc6 6. g3 c4 7. Bg2 Bb4 8. O-O Nge7 9. a3 Ba5 10. e4 dxe4 11. Nxe4 O-O 12. Qa4 Bb6 13. Be3 Bf5 14. Nc5 Bxc5 15. dxc5 Bd3 16. Rfd1 Nf5 17. Bf4 Qf6 18. Rd2 h6 19. Ne1 Rad8 20. Nxd3 cxd3 21. Rad1 g5 22. Bc7 Rd7 23. Bd6 Nxd6 24. Rxd3 Ne4 25. Qxe4 Rxd3 26. Rxd3 Qxb2 27. Rd6 Kg7 28. Rd7 Rd8 29. Rxd8 Nxd8 30. Bf1 Ne6 31. Qe3 Qc2 32. Qe5+ Kg8 33. Qb8+ Kg7 34. Qe5+ Kg8 35. Qb8+ Kg7 36. Qe5+ 1/2-1/2

[Event "EUCup 17th"]
[Site "Panormo"]
[Date "2001.09.29"]
[Round "7"]
[White "Tisdall, Jonathan D"]
[Black "Heidenfeld, Mark"]
[Result "1/2-1/2"]
[WhiteElo "2492"]
[BlackElo "2377"]
[PlyCount "40"]
[EventDate "2001.09.22"]
[Source "ChessBase"]
[SourceDate "2001.10.26"]

1. d4 d5 2. c4 e6 3. Nc3 c5 4. cxd5 exd5 5. Nf3 Nc6 6. g3 h6 7. Bg2 Nf6 8. O-O Be7 9. b3 O-O 10. Bb2 Bg4 11. dxc5 Bxc5 12. Na4 Be7 13. Rc1 Rc8 14. Qd3 Qd6 15. Nd4 Qd7 16. Nc5 Bxc5 17. Rxc5 Qe7 18. Rfc1 Nxd4 19. Qxd4 Qxe2 20. h3 Rxc5 1/2-1/2

[Event "MK Cafe Cup-A"]
[Site "Koszalin"]
[Date "1998.08.07"]
[Round "5"]
[White "Pyda, Zbigniew"]
[Black "Zhukova, Natalia"]
[Result "1-0"]
[WhiteElo "2405"]
[BlackElo "2460"]
[PlyCount "173"]
[EventDate "1998.08.03"]
[Source "ChessBase"]
[SourceDate "1998.09.09"]

1. d4 d5 2. c4 e6 3. Nf3 c5 4. cxd5 exd5 5. Nc3 Nc6 6. g3 c4 7. Bg2 Bb4 8. O-O Nge7 9. Ne5 O-O 10. Nxc6 bxc6 11. Na4 Bf5 12. b3 c3 13. Qe1 Ba5 14. Nxc3 c5 15. Bd2 cxd4 16. Nxd5 Bxd2 17. Nxe7+ Qxe7 18. Qxd2 Rad8 19. Rac1 h5 20. Rfe1 h4 21. Qf4 Bg6 22. Qxh4 Qa3 23. Ra1 Qb2 24. Be4 Bxe4 25. Qxe4 Rfe8 26. Qd3 Rc8 27. Reb1 Qxe2 28. Qxd4 a6 29. Rb2 Qf3 30. Rd2 Re6 31. Rad1 Rce8 32. Rf1 Re1 33. Qd3 Qc6 34. Qd5 Qc1 35. Rd1 Rxf1+ 36. Kxf1 Qc2 37. Qd2 Qe4 38. Kg1 Qf3 39. Re1 Rc8 40. Qe2 Qf6 41. Kg2 g6 42. h4 Rc5 43. Qe8+ Kg7 44. Re2 Rf5 45. Qe4 Qd6 46. Qa8 Qb6 47. Qc8 a5 48. Qa8 Qd4 49. Qe8 Kh7 50. Qe3 Qd5+ 51. Qe4 Qc5 52. Re3 Kg7 53. Rf3 Rxf3 54. Kxf3 Qc3+ 55. Kg2 Qb2 56. Qa4 Qd2 57. a3 Qd5+ 58. Kh2 Qd2 59. Qf4 Qb2 60. b4 a4 61. Qf3 Qb3 62. Kg2 Kg8 63. g4 Kg7 64. Kg3 Kg8 65. Kf4 Kg7 66. Ke4 Qc4+ 67. Ke5 Qb3 68. Kf4 Kh7 69. Kg3 Kg7 70. Qe3 Qb2 71. g5 Qb3 72. Kf4 Qc4+ 73. Ke5 Kg8 74. Kd6 Kh7 75. Ke7 Kg8 76. Kd7 Kh7 77. Qf3 Qb3 78. Qf6 Kg8 79. Ke7 Qc4 80. Qd6 Qe4+ 81. Kd8 Qxh4 82. Qc5 Qh3 83. b5 Qd3+ 84. Kc7 Qe4 85. b6 Qf4+ 86. Kb7 Qe4+ 87. Ka7 1-0

[Event "Alushta op"]
[Site "Alushta"]
[Date "1994.??.??"]
[Round "?"]
[White "Moskalenko, Viktor"]
[Black "Semenov, Valeri"]
[Result "1-0"]
[WhiteElo "2535"]
[BlackElo "2325"]
[PlyCount "53"]
[EventDate "1994.??.??"]
[Source "ChessBase"]

1. d4 d5 2. c4 e6 3. Nf3 c5 4. cxd5 exd5 5. Nc3 Nc6 6. g3 c4 7. Bg2 Bb4 8. O-O Nge7 9. e4 dxe4 10. Nxe4 O-O 11. Qc2 Bf5 12. Nh4 Bg4 13. Ng5 Ng6 14. d5 Nce5 15. h3 Bd7 16. Nxg6 hxg6 17. Qe4 f6 18. Ne6 Qc8 19. Be3 Re8 20. Bd4 Bxe6 21. dxe6 Nc6 22. Be3 Na5 23. Rad1 Rxe6 24. Qxg6 Qe8 25. Qg4 Kf8 26. Qh4 Ke7 27. Rd5 1-0

[Event "Lost Boys op"]
[Site "Antwerp"]
[Date "1997.08.02"]
[Round "1"]
[White "Ljubojevic, Ljubomir"]
[Black "Quist, Johan"]
[Result "1-0"]
[WhiteElo "2565"]
[BlackElo "2285"]
[PlyCount "74"]
[EventDate "1997.08.02"]
[Source "ChessBase"]
[SourceDate "1997.09.26"]

1. d4 d5 2. c4 e6 3. cxd5 exd5 4. Nc3 c5 5. Nf3 Nc6 6. g3 c4 7. Bg2 Bb4 8. O-O Nge7 9. Ne1 O-O 10. Nc2 Ba5 11. f3 Be6 12. e4 f6 13. Rb1 a6 14. Na4 b5 15. Nc5 Bc8 16. b4 cxb3 17. axb3 Bb6 18. b4 Bxc5 19. bxc5 Be6 20. Bf4 Re8 21. h4 Ra7 22. Re1 Rb7 23. Ne3 dxe4 24. Bd6 exf3 25. Qxf3 Bf7 26. Red1 Rd7 27. d5 Na5 28. Bf4 Ng6 29. c6 Rde7 30. Nf5 Re2 31. c7 Rxg2+ 32. Kxg2 Qd7 33. Nd6 Qxc7 34. Nxe8 Nxf4+ 35. Qxf4 Qc2+ 36. Qf2 Qe4+ 37. Kh2 Bxe8 1-0

[Event "AUT Team Ch"]
[Site "Austria"]
[Date "1990.??.??"]
[Round "?"]
[White "Brestian, Egon"]
[Black "Kostic, Vladimir"]
[Result "1-0"]
[WhiteElo "2470"]
[BlackElo "2375"]
[PlyCount "97"]
[EventDate "1990.??.??"]
[Source "www.chesslib.no"]
[SourceDate "2004.05.04"]

1. Nf3 d5 2. d4 e6 3. c4 c5 4. cxd5 exd5 5. Nc3 Nc6 6. g3 cxd4 7. Nxd4 Bc5 8. Nxc6 bxc6 9. Bg2 Nf6 10. O-O O-O 11. Na4 Bd6 12. Be3 Ba6 13. Nc5 Bxc5 14. Bxc5 Re8 15. Re1 Qa5 16. b4 Qc7 17. Rc1 Bc4 18. a3 Ne4 19. Qd4 Bb5 20. e3 Qd7 21. Qb2 a5 22. Bb6 axb4 23. axb4 Qf5 24. Bd4 f6 25. Ra1 h5 26. h4 Nd6 27. Rxa8 Rxa8 28. Ra1 Rxa1+ 29. Qxa1 Nc4 30. e4 dxe4 31. Qe1 e3 32. Bxe3 Ne5 33. Bf4 Kf7 34. Bxe5 Qxe5 35. Qxe5 fxe5 36. Be4 Ke6 37. Kg2 Ba4 38. Kf3 Kd6 39. Ke3 Ke6 40. Bg6 Bd1 41. f3 Kd5 42. Bf7+ Kd6 43. Bxh5 c5 44. b5 c4 45. Kd2 Bb3 46. Be8 Kc5 47. Bc6 Ba4 48. Kc3 Bd1 49. h5 1-0

[Event "It (Open) Bar SCG"]
[Site "?"]
[Date "2006.03.23"]
[Round "6"]
[White "Tratar Marko"]
[Black "Mehmeti Dritan"]
[Result "1/2-1/2"]
[WhiteElo "2466"]
[BlackElo "2378"]
[PlyCount "31"]
[EventDate "2006.??.??"]
[Source "www.chesslib.no"]
[SourceDate "2004.05.04"]

1. Nf3 Nf6 2. c4 c5 3. Nc3 Nc6 4. g3 e6 5. Bg2 d5 6. cxd5 exd5 7. d4 cxd4 8. Nxd4 Qb6 9. Nxc6 bxc6 10. O-O Be7 11. b3 O-O 12. Be3 Qa6 13. Na4 Re8 14. Bd4 Bg4 15. f3 Bf5 16. e3 1/2-1/2

[Event "OHRA"]
[Site "Amsterdam"]
[Date "1983.??.??"]
[Round "?"]
[White "Boersma, Paulus A"]
[Black "Murey, Jacob"]
[Result "1-0"]
[WhiteElo "2355"]
[BlackElo "2485"]
[PlyCount "77"]
[EventDate "1983.07.??"]
[Source "ChessBase"]

1. Nf3 c5 2. c4 Nc6 3. Nc3 e6 4. g3 d5 5. cxd5 exd5 6. d4 Nf6 7. Bg2 Be6 8. O-O h6 9. b3 Qa5 10. Bb2 b5 11. Ne5 Qb6 12. e4 Nxe5 13. Nxd5 Bxd5 14. dxe5 Bxb3 15. axb3 Nh7 16. e6 Qxe6 17. e5 Rd8 18. Qf3 Be7 19. Qc6+ Qxc6 20. Bxc6+ Kf8 21. Bxb5 Ng5 22. Rxa7 h5 23. f4 Ne4 24. Rd7 Rxd7 25. Bxd7 Rh6 26. Ra1 Bd8 27. Ra8 Ke7 28. Bb5 Rb6 29. Ra7+ Kf8 30. Bc4 Nd2 31. Bxf7 Nxb3 32. Bxh5 Rb8 33. Rf7+ Kg8 34. e6 Nd4 35. Bxd4 cxd4 36. e7 Bb6 37. Rf5 d3+ 38. Kf1 g6 39. Bxg6 1-0

[Event "Belgrade Trako"]
[Site "Belgrade SCG"]
[Date "1994.??.??"]
[Round "7"]
[White "Cosma, Ioan"]
[Black "Stamenkovic, Zoran"]
[Result "0-1"]
[WhiteElo "2435"]
[BlackElo "2405"]
[PlyCount "90"]
[EventDate "1994.04.??"]
[Source "www.chesslib.no"]
[SourceDate "2004.05.04"]

1. d4 d5 2. c4 e6 3. Nf3 c5 4. cxd5 exd5 5. Nc3 Nc6 6. g3 c4 7. Bg5 f6 8. Bf4 Bb4 9. Bg2 Nge7 10. O-O O-O 11. a3 Ba5 12. Bd2 Rb8 13. Bf4 Ra8 14. b4 Bb6 15. Na4 Bg4 16. Nxb6 Qxb6 17. Bd6 Rfd8 18. Bc5 Qc7 19. Qc1 Nf5 20. b5 Na5 21. Qc3 Nb3 22. e4 Nxa1 23. exd5 b6 24. d6 Qf7 25. Rxa1 bxc5 26. dxc5 Rac8 27. Qb4 Bxf3 28. Bxf3 Nd4 29. Bg2 Nc2 30. Qd2 Rxc5 31. Qxc2 Rxd6 32. Bf1 c3 33. Bd3 f5 34. Re1 g6 35. a4 Kg7 36. a5 h5 37. Re3 f4 38. gxf4 Qxf4 39. b6 axb6 40. a6 Rg5+ 41. Kf1 Rf6 42. Rg3 Rxg3 43. hxg3 Qd2 44. f4 Qxc2 45. Bxc2 b5 0-1

[Event "Birstonas Open"]
[Site "?"]
[Date "2002.08.24"]
[Round "8"]
[White "Grabliauskas Virginijus"]
[Black "Asauskas Henrikas"]
[Result "1-0"]
[WhiteElo "2449"]
[BlackElo "2384"]
[PlyCount "75"]
[EventDate "2002.??.??"]
[Source "www.chesslib.no"]
[SourceDate "2004.05.04"]

1. d4 d5 2. c4 e6 3. Nf3 c5 4. cxd5 exd5 5. Nc3 Nc6 6. g3 c4 7. Bg2 Bb4 8. O-O Nge7 9. e4 dxe4 10. Nxe4 Bg4 11. a3 Ba5 12. Nc5 Bb6 13. Nxb7 Qd7 14. Nc5 Qf5 15. Nh4 Qc8 16. Qa4 O-O 17. Qxc4 Nxd4 18. Qxd4 Bxc5 19. Qe5 Ng6 20. Nxg6 hxg6 21. b4 Bb6 22. Bb2 f6 23. Qd5+ Kh7 24. Qxa8 Qxa8 25. Bxa8 Rxa8 26. Kg2 Rd8 27. h3 Be2 28. Rfe1 Rd2 29. Bc3 Bf3+ 30. Kxf3 Rd3+ 31. Ke4 Rxc3 32. Ra2 f5+ 33. Kd5 g5 34. a4 f4 35. gxf4 gxf4 36. a5 Bd8 37. b5 Rxh3 38. b6 1-0

[Event "Barcelona City"]
[Site "Barcelona ESP"]
[Date "1994.??.??"]
[Round "?"]
[White "Pomes Marcet, Juan"]
[Black "Rodriguez, Orestes"]
[Result "0-1"]
[WhiteElo "2390"]
[BlackElo "2440"]
[PlyCount "80"]
[EventDate "1994.??.??"]
[Source "www.chesslib.no"]
[SourceDate "2004.05.04"]

1. d4 d5 2. c4 e6 3. cxd5 exd5 4. Nc3 c5 5. Nf3 Nc6 6. g3 c4 7. Bg2 Bb4 8. O-O Nge7 9. e4 dxe4 10. Nxe4 O-O 11. Qc2 Bg4 12. Qxc4 Bxf3 13. Bxf3 Nxd4 14. Bg2 Rc8 15. Qxb4 Nc2 16. Qxb7 Nxa1 17. Bg5 Rc7 18. Qb5 Nc2 19. Bf4 Rc8 20. Nd6 Rc7 21. Ne4 Rd7 22. Qc4 Nd4 23. Nc5 Qc8 24. Rc1 Rdd8 25. Nb7 Qxc4 26. Rxc4 Rd7 27. Bd6 Ndf5 28. Bc5 Rd1+ 29. Bf1 Rb8 30. Rb4 Nc6 31. Rb3 Nfd4 32. Bxd4 Nxd4 33. Rc3 Ne6 34. Rb3 Nd4 35. Re3 g6 36. Nd6 Rxb2 37. Kg2 Rdd2 38. Ne4 Rdc2 39. Bd3 Rc6 40. Ng5 h6 0-1

[Event "Linares Mex"]
[Site "Linares"]
[Date "1997.??.??"]
[Round "5"]
[White "Escobedo Tinajero, Alberto"]
[Black "Calderin, Roberto"]
[Result "1/2-1/2"]
[WhiteElo "2385"]
[BlackElo "2435"]
[PlyCount "83"]
[EventDate "1997.??.??"]
[Source "www.chesslib.no"]
[SourceDate "2004.05.04"]

1. d4 d5 2. Nf3 e6 3. c4 c5 4. cxd5 exd5 5. g3 c4 6. Bg2 Bb4+ 7. Nc3 Nc6 8. O-O Nge7 9. e4 dxe4 10. Nxe4 O-O 11. a3 Ba5 12. Qe2 Bf5 13. Nh4 Nxd4 14. Qxc4 Be6 15. Qd3 Nb3 16. Qxd8 Rfxd8 17. Rb1 Bc4 18. Bg5 f6 19. Be3 Nd5 20. Rfd1 Nxe3 21. Rxd8+ Rxd8 22. fxe3 Bb6 23. Re1 Nd2 24. Nc3 Rd3 25. Bxb7 Rxe3 26. Rxe3 Bxe3+ 27. Kg2 Bf1+ 28. Kh1 g6 29. a4 Kf8 30. Nf3 Nxf3 31. Bxf3 Ke8 32. Bc6+ Kd8 33. Nd5 Bd4 34. b4 Bh3 35. b5 g5 36. a5 Kc8 37. b6 axb6 38. axb6 Kb8 39. b7 Bf1 40. h4 h5 41. Nxf6 Bxf6 42. hxg5 1/2-1/2

[Event "Belgrade 8th march (Women) 33rd"]
[Site "Belgrade"]
[Date "2000.03.11"]
[Round "8"]
[White "Manakova, Maria"]
[Black "Zhukova, Natalia"]
[Result "1/2-1/2"]
[WhiteElo "2348"]
[BlackElo "2471"]
[PlyCount "89"]
[EventDate "2000.03.03"]
[Source "ChessBase"]
[SourceDate "2000.05.11"]

1. d4 d5 2. c4 e6 3. Nf3 c5 4. cxd5 exd5 5. g3 Nc6 6. Bg2 c4 7. O-O Bb4 8. Nc3 Nge7 9. Ne5 O-O 10. Nxc6 bxc6 11. e4 Be6 12. Bf4 Bxc3 13. bxc3 dxe4 14. Bxe4 Bd5 15. f3 Ng6 16. Qd2 Nxf4 17. Qxf4 Qa5 18. Qd2 Rab8 19. Rab1 Rb6 20. Rfe1 h6 21. Rxb6 axb6 22. Re3 Qb5 23. Re1 Ra8 24. Kg2 Ra3 25. Bb1 Be6 26. Qc2 Kf8 27. Re5 Qa4 28. Qd2 b5 29. Qf4 Rxa2+ 30. Bxa2 Qxa2+ 31. Kf1 Bh3+ 32. Ke1 Qb1+ 33. Kd2 Qd3+ 34. Ke1 Qxc3+ 35. Kf2 g5 36. Qf6 Qxd4+ 37. Ke2 Qd3+ 38. Ke1 Qb1+ 39. Ke2 Qf1+ 40. Ke3 Qd3+ 41. Kf2 Qf1+ 42. Ke3 Be6 43. Qd8+ Kg7 44. Rxg5+ hxg5 45. Qxg5+ 1/2-1/2

[Event "UKR ol"]
[Site "Alushta"]
[Date "1999.??.??"]
[Round "?"]
[White "Boroday, Sergey"]
[Black "Fedorchuk, Sergey A"]
[Result "0-1"]
[WhiteElo "2360"]
[BlackElo "2457"]
[PlyCount "108"]
[EventDate "1999.05.12"]
[Source "www.chesslib.no"]
[SourceDate "2004.05.04"]

1. c4 c5 2. Nc3 Nf6 3. g3 e6 4. Bg2 Nc6 5. Nf3 d5 6. cxd5 exd5 7. d4 h6 8. O-O Be6 9. Bf4 a6 10. Rc1 c4 11. Ne5 Bd6 12. e4 dxe4 13. Nxe4 Nxe4 14. Nxc6 bxc6 15. Bxe4 O-O 16. Be5 Rb8 17. Qe2 Bxe5 18. dxe5 Qd4 19. Rc2 Rb5 20. Rd1 Qxe5 21. Bxc6 Qxe2 22. Rxe2 Ra5 23. a4 Rb8 24. f3 Kf8 25. Kf2 Rc8 26. Rd6 Ke7 27. Red2 Rc7 28. R2d4 Rc8 29. f4 Rb8 30. Rd2 Rb6 31. g4 Bxg4 32. R6d5 Rxd5 33. Bxd5 Rb4 34. Bc6 Be6 35. Ke3 Rb6 36. Be4 Rb4 37. Bc6 Rb6 38. Be4 Bd7 39. Bd5 Rb4 40. Bxf7 Bxa4 41. Bg8 Bb5 42. Kd4 c3+ 43. Kxc3 Rxf4 44. b3 g5 45. Bc4 g4 46. Rd5 Rf3+ 47. Kb4 Rh3 48. Bxb5 axb5 49. Rd2 Rh5 50. Kc3 Kf6 51. Kd4 Rf5 52. Ke4 Kg5 53. Rd3 Rf4+ 54. Ke5 Rf3 0-1

[Event "Mexico City Open"]
[Site "Mexico City MEX"]
[Date "1991.??.??"]
[Round "6"]
[White "Sunye Neto, Jaime"]
[Black "Moran, Bernardo"]
[Result "1-0"]
[WhiteElo "2475"]
[BlackElo "2335"]
[PlyCount "87"]
[EventDate "1991.07.??"]
[Source "www.chesslib.no"]
[SourceDate "2004.05.04"]

1. c4 e6 2. Nc3 d5 3. d4 c5 4. cxd5 exd5 5. Nf3 Nc6 6. g3 c4 7. Bg2 Bb4 8. O-O Nge7 9. a3 Ba5 10. e4 dxe4 11. Nxe4 O-O 12. Ne5 Qxd4 13. Qxd4 Nxd4 14. Nxc4 Bc7 15. Be3 Ndc6 16. Rac1 Rd8 17. b4 Nd5 18. Nc5 Nxe3 19. Nxe3 Bb6 20. Nxb7 Bxb7 21. Bxc6 Bxc6 22. Rxc6 h5 23. Nc4 Rd3 24. Re1 h4 25. gxh4 Rd4 26. Nxb6 axb6 27. Re3 b5 28. Rc5 Rd1+ 29. Kg2 Ra1 30. Rxb5 R1xa3 31. Rxa3 Rxa3 32. Rc5 Rb3 33. b5 Kf8 34. h5 Ke7 35. f3 Kd6 36. Rg5 f6 37. Rxg7 Rxb5 38. h6 Rh5 39. h7 Ke6 40. Kg3 Kf5 41. h4 Rh6 42. f4 Rh5 43. Ra7 Rh6 44. h5 1-0

[Event "Badenweiler Open"]
[Site "Badenweiler"]
[Date "1990.??.??"]
[Round "4"]
[White "Zaichik, Gennadi L"]
[Black "Freckmann, Mark"]
[Result "1-0"]
[WhiteElo "2460"]
[BlackElo "2345"]
[PlyCount "67"]
[EventDate "1990.10.??"]
[Source "www.chesslib.no"]
[SourceDate "2004.05.04"]

1. d4 d5 2. c4 e6 3. Nc3 c5 4. cxd5 exd5 5. Nf3 Nc6 6. g3 Be6 7. Bg2 Be7 8. O-O Nf6 9. b3 Ne4 10. Bb2 Bf6 11. Na4 b6 12. Rc1 Rc8 13. dxc5 Bxb2 14. Nxb2 bxc5 15. Nd2 Nxd2 16. Qxd2 Ne5 17. Rfd1 Qe7 18. Qf4 Nc6 19. Bxd5 Nd4 20. Rxd4 cxd4 21. Rxc8+ Bxc8 22. Bc6+ Kf8 23. Qb8 Qd8 24. Nc4 g6 25. Qe5 f6 26. Qb8 Kg7 27. Qxa7+ Kh6 28. Qb8 Ba6 29. Qf4+ Kg7 30. Kg2 Rf8 31. a4 Rf7 32. Nd6 Re7 33. Qxd4 Bxe2 34. Nf5+ 1-0

[Event "Zalakaros Open"]
[Site "Zalakaros"]
[Date "1991.??.??"]
[Round "3"]
[White "Badea, Bela"]
[Black "Horvath, Peter"]
[Result "0-1"]
[WhiteElo "2455"]
[BlackElo "2335"]
[PlyCount "86"]
[EventDate "1991.05.??"]
[Source "www.chesslib.no"]
[SourceDate "2004.05.04"]

1. c4 e6 2. Nc3 d5 3. cxd5 exd5 4. d4 c5 5. Nf3 Nc6 6. g3 Be6 7. Bg2 Be7 8. O-O Nf6 9. Bg5 cxd4 10. Nxd4 h6 11. Bxf6 Bxf6 12. Nxe6 fxe6 13. e4 d4 14. Qh5+ Ke7 15. Ne2 Qa5 16. Qh3 g5 17. Qh5 d3 18. Nc1 Rad8 19. Nb3 Qe5 20. Rab1 a5 21. Kh1 a4 22. Nd2 Nd4 23. Qd1 Qb5 24. f4 gxf4 25. gxf4 e5 26. fxe5 Bg5 27. b3 Nc2 28. bxa4 Qc6 29. Qh5 Rdf8 30. Nf3 Ne3 31. Rfc1 Qxe4 32. Rc7+ Kd8 33. Rcxb7 d2 34. R7b6 Nxg2 35. Qh3 Rf5 36. Nxd2 Bxd2 37. Rb8+ Kc7 38. R1b7+ Kc6 39. Rb6+ Kc5 40. Qa3+ Kd4 41. Qb2+ Ke3 42. Qb3+ Ke2 43. Qb5+ Kf2 0-1